El Caballito de Palo / (Record no. 25528)
[ view plain ]
| 000 -LEADER | |
|---|---|
| fixed length control field | 00575 a2200205 4500 |
| 001 - CONTROL NUMBER | |
| control field | sjds |
| 003 - CONTROL NUMBER IDENTIFIER | |
| control field | sjds |
| 005 - DATE AND TIME OF LATEST TRANSACTION | |
| control field | 20240203093437.0 |
| 008 - FIXED-LENGTH DATA ELEMENTS--GENERAL INFORMATION | |
| fixed length control field | 240203b |||||||| |||| 00| 0 spa d |
| 020 ## - INTERNATIONAL STANDARD BOOK NUMBER | |
| International Standard Book Number | 9789992467107 |
| 020 ## - INTERNATIONAL STANDARD BOOK NUMBER | |
| International Standard Book Number | 999246710X |
| 040 ## - CATALOGING SOURCE | |
| Transcribing agency | sjds |
| 041 ## - LANGUAGE CODE | |
| Language code of text/sound track or separate title | spa |
| 100 1# - MAIN ENTRY--PERSONAL NAME | |
| Personal name | Montenegro, Mario |
| 245 ## - TITLE STATEMENT | |
| Title | El Caballito de Palo / |
| Statement of responsibility, etc. | Mario Montenegro, Vicky Ramos |
| 260 ## - PUBLICATION, DISTRIBUTION, ETC. (IMPRINT) | |
| Place of publication, distribution, etc. | Managua, |
| Name of publisher, distributor, etc. | Fondo Editorial Libros para Ninos, |
| Date of publication, distribution, etc. | 2006 |
| 300 ## - PHYSICAL DESCRIPTION | |
| Extent | 1 volume (unpaged) : illustrations ; 24 cm |
| Other physical details | illustrations ; |
| Dimensions | 24 cm |
| 700 1# - ADDED ENTRY--PERSONAL NAME | |
| Personal name | Ramos, Vicky |
| 942 ## - ADDED ENTRY ELEMENTS (KOHA) | |
| Koha item type | Libro/Book |
| Withdrawn status | Lost status | Damaged status | Not for loan | Home library | Current library | Shelving location | Date acquired | Total Checkouts | Barcode | Date last seen | Date checked out | Price effective from | Koha item type | Inventory number | Full call number | Total Renewals |
|---|---|---|---|---|---|---|---|---|---|---|---|---|---|---|---|---|
| Azul y Blanco -- Satellite | Azul y Blanco -- Satellite | 24/05/2016 | 1 | 35200103 | 17/04/2018 | 17/04/2018 | 24/05/2016 | Libro/Book | inventory date: 22-1-25 | JI | ||||||
| La Puerta Biblioteca -- Satellite | La Puerta Biblioteca -- Satellite | 09/04/2018 | 3 | 40301901 | 17/01/2026 | 31/08/2023 | 09/04/2018 | Libro/Book | ||||||||
| San Juan Del Sur -- Mobile | Pochote | 03/02/2024 | 2 | 33017658 | 17/10/2024 | 11/06/2024 | 03/02/2024 | Libro/Book | JI | 2 | ||||||
| San Juan Del Sur -- Biblioteca | San Juan Del Sur -- Biblioteca | General Stacks | 18/04/2014 | 8 | 30003007 | 05/02/2019 | 04/02/2019 | 18/04/2014 | Libro/Book | |||||||
| San Juan Del Sur -- Mobile | San Juan Del Sur -- Mobile | 16/03/2021 | 2 | 33004408 | 02/02/2024 | 04/04/2022 | 16/03/2021 | Libro/Book |